Buscado amor /

I tiakina i:
Ngā taipitopito rārangi puna kōrero
Kaituhi matua: Gutiérrez Vega, Hugo (autor)
Ētahi atu kaituhi: Alberti, Rafael (presentación) (presentación)
Hōputu: Pukapuka
Reo:Pāniora
I whakaputaina: Buenos Aires, Argentina : Losada, 1965, c1965
Rangatū:(Poetas de Ayer y de Hoy)
Ngā marau:
Ngā Tūtohu: Tāpirihia he Tūtohu
Kāore He Tūtohu, Me noho koe te mea tuatahi ki te tūtohu i tēnei pūkete!

MARC

LEADER 00000nam^a2200000^a^4500
001 000188524
005 20250521000000.0
009 20260310102341.848
037 |a Acervo ITESO - Biblioteca 
041 |a ESP 
082 |a 861.  |b GUT 
100 |a Gutiérrez Vega, Hugo  |e (autor) 
245 1 0 |a Buscado amor /  |c H. Gutiérrez Vega ; presen. de R. Alberti. 
264 4 |a Buenos Aires, Argentina :  |b Losada,  |c 1965, c1965 
300 |a 121 p. 
336 |a texto  |b txt  |2 rdacontenido 
337 |a sin mediación  |b n  |2 rdamedio 
338 |a volumen  |b nc  |2 rdasoporte 
440 1 |a (Poetas de Ayer y de Hoy) 
545 0 |a Hugo Gutiérrez Vega (1934), escritor y diplomático jalisciense, nacido en Guadalajara. Su trayectoria ha sido reconocida con diversas premiaciones y distinciones: Premio Nacional de Poesía Aguasacalientes (1976), Premio de Letras Jalisco (1994), Premio Nacional de Periodismo en Difusión Cultural (1999), Premio Iberoamericano de Poesía Ramón López Velarde (2001), Doctorado Honoris Causa por la Universidad Autónoma Metropolitana (2011) y miembro de número de la Academia Mexicana de la Lengua (2011). Su prosa expresa las circunstancias significativas de su vida cotidiana, describen los paisajes y lugares por él transitados. Entre sus obras de poesía ha publicado Buscando amor (1965), Desde Inglaterra (1971), Samarcanda y otros poemas (1972), Resistencia de particulares (1974), Cuando el placer termine (1975), Las peregrinaciones del deseo (1987), Antología con dudas (2007); en ensayo: Información y sociedad (1974), Luis Buñuel, obsesiones de un espectador (1983), El erotismo y la muerte (1987), Lecturas, navegaciones y naufragios (1999), entre otros. 
649 |a XX 
650 |a Poesía Jalisciense 
650 |a Poesía Mexicana 
650 |a Literatura Jalisciense -  |y Siglo XX 
650 |a Literatura Mexicana -  |y Siglo XX 
700 |a Alberti, Rafael  |e (presentación) 
910 |a Fondo General 
920 |a Impresos - Libros 
930 |a Colección General 
940 |a Literatura 
905 |a 101 
901 |a 0500131175  |b IT1  |c LIT  |u 20250521 
902 |a https://opac.biblio.iteso.mx/vufind/Record/000188524